000 00750npc a2200229Ia 4500
001 dg49-2584 [d000002720]
003 IT-MiCISF
008 161014s9999||||xx | und||
040 _aIT-MiCISF
_cIT-MiCISF
041 _ait
100 _aBiasoni Franco (a cura di)
245 0 _aLibertà di scelta. Autonomia, parità, equipollenza
_bPerché? La risposta a venti domande provocatorie sulla libertà di educazione e di insegnamento
250 _a1a ed.
260 _bAgesc - Faes - Sidef
_c1996
300 _app. 16
500 _a / scuola, società, comparazione, politica /
650 _ascuola
700 _aTettamanti Giancarlo (a cura di)
700 _aViscovi Mario (a cura di)
942 _cDD
957 _71
999 _a2584
_bsi
_g1
_c207445
_d207445